সংক্ষোভ : (Record no. 47832)
[ view plain ]
| 000 -LEADER | |
|---|---|
| fixed length control field | 00960nam a2200229 a 4500 |
| 001 - CONTROL NUMBER | |
| control field | 47832 |
| 003 - CONTROL NUMBER IDENTIFIER | |
| rucl marc code | BD-RjUL |
| 005 - DATE AND TIME OF LATEST TRANSACTION | |
| control field | 20211209054413.0 |
| 008 - FIXED-LENGTH DATA ELEMENTS--GENERAL INFORMATION | |
| fixed length control field | 160810s2001 bg |||| ||| 000 0 ben d |
| 020 ## - INTERNATIONAL STANDARD BOOK NUMBER | |
| International Standard Book Number | 89481601704 |
| 035 ## - SYSTEM CONTROL NUMBER | |
| System control number | (BD-RjUL)47951 |
| 040 ## - CATALOGING SOURCE | |
| Original cataloging agency | BD-RjUL |
| Language of cataloging | ben=eng |
| Transcribing agency | BD-RjUL |
| Modifying agency | BD-RjUL |
| 041 ## - LANGUAGE CODE | |
| Language code of text/sound track or separate title | ben=eng |
| 082 ## - DEWEY DECIMAL CLASSIFICATION NUMBER | |
| Edition number | 23 |
| Classification number | 891.4408 |
| Author mark and year | AHS 2001 |
| 100 10 - MAIN ENTRY--PERSONAL NAME | |
| Personal name | আহমাদ, রাজিউদ্দীন |
| 9 (RLIN) | 145223 |
| 245 10 - TITLE STATEMENT | |
| Title | সংক্ষোভ : |
| Remainder of title | গত শতাব্দীর কিছু অনুভূতি আর প্রাসঙ্গিক কিছু কথা / |
| Statement of responsibility, etc. | রাজিউদ্দীন আহমাদ |
| 260 ## - PUBLICATION, DISTRIBUTION, ETC. (IMPRINT) | |
| Place of publication, distribution, etc. | ঢাকা : |
| Name of publisher, distributor, etc. | অন্য প্রকাশ, |
| Date of publication, distribution, etc. | ২০০১ |
| 300 ## - PHYSICAL DESCRIPTION | |
| Pagination | xi, ১১২ পৃ. : |
| Illustrations | চিত্র. |
| Size | ১৮ সেমি. |
| 650 ## - SUBJECT ADDED ENTRY--TOPICAL TERM | |
| Topical term or geographic name as entry element | বাংলা প্রবন্ধ |
| General subdivision | সংগ্রহ |
| 9 (RLIN) | 126212 |
| Topical term or geographic name as entry element | Bengali Essay |
| General subdivision | Collected work |
| 9 (RLIN) | 145224 |
| 942 ## - ADDED ENTRY ELEMENTS (KOHA) | |
| Source of classification or shelving scheme | Dewey Decimal Classification |
| Koha item type | Books |
| Lost status | Source of classification or shelving scheme | Damaged status | Not for loan | Collection code | Permanent Location | Current Location | Shelving location | Date acquired | Total Checkouts | Full call number | Date last seen | Copy number | Koha item type |
|---|---|---|---|---|---|---|---|---|---|---|---|---|---|
| Dewey Decimal Classification | Non-fiction | Central Library, University of Rajshahi | Central Library, University of Rajshahi | 08/08/2009 | BR 891.4408 AHS 2001 | 10/08/2016 | C-2 | Books |